000 00764nam a2200277 4500
999 _c3114
_d3114
001 370240
003 OCoLC
005 20181024155624.0
008 720707t19721924miu 000 0 eng
010 _a74156243
020 _c$1.25 (pbk)
_a0310333121
035 _atcgc137586
040 _aDLC
_cDLC
050 0 _aBV210
_b.T6 1972
082 _a242
_bT694P
090 _aBV210
_b.T6 1976
100 1 _aTorrey, R. A.
_q(Reuben Archer),
_d1856-1928.
245 1 4 _aThe power of prayer and the prayer of power.
260 _aGrand Rapids :
_bZondervan Pub. House,
_c[1972, c1924]
300 _a191 p. ;
_c18 cm.
490 0 _aZondervan books.
650 0 _aPrayer
_xChristianity.
740 0 1 _aPower of prayer.
740 0 1 _aPrayer of power.
942 _2ddc
_cBK